| 000 | 00000nam##2200000za#4500 |
| 001 | 9.640851 |
| 003 | CaOODSP |
| 005 | 20210624222854 |
| 007 | cr ||||||||||| |
| 008 | 150407|2006||||xxc|||||o f|0| 0 fre|d |
| 020 | |a0-9739726-3-7 |
| 040 | |aCaOODSP|bfre |
| 043 | |an-cn--- |
| 086 | 1 |aH174-33/2006F-PDF |
| 110 | 1 |aCanada.|bConseil canadien de la santé. |
| 245 | 10|aFiche d'information sur la participation publique / |h[ressource électronique]|cpréparé par François Pierre Gauvin et Julia Abelson. |
| 260 | |aToronto - Ontario : |bConseil canadien de la santé |cJuillet 2006. |
| 300 | |a38p.|bfigures, graphiques, références, tableaux |
| 590 | |a12-39-Supp|b2012-10-11 |
| 691 | 07|aRégime de soins de santé|2gcpds |
| 691 | 07|aParticipation du citoyen|2gcpds |
| 720 | 1 |aAbelson, Julia |
| 720 | 1 |aGauvin, François-Pierre |
| 775 | 08|tPrimer on public involvement / |w(CaOODSP)9.696743 |
| 856 | 40|ahttp://publications.gc.ca|qPDF|s2.14 Mo|uhttps://publications.gc.ca/collections/collection_2012/ccs-hcc/H174-33-2006-fra.pdf |